Statistics for Top 10 U.S. States with the Shortest Coastline

Click here to take the quiz!

General Stats

  • This quiz has been taken 82 times
  • The average score is 8 of 10

Answer Stats

LengthState% Correct
13New Hampshire
90%
28Delaware
87%
40Rhode Island
87%
96Connecticut
86%
53Alabama
84%
44Mississippi
81%
31Maryland
77%
127New York
76%
100Georgia
63%
112Virginia
61%

Score Distribution

Percentile by Number Answered

Percent of People with Each Score

Your Score History

You have not taken this quiz